О защите вод от загрязнения нитратами. смываемыми с полей: Директива Совета ЕЭС

Xehetasun bibliografikoak
Erakunde egilea: Единая энергетическая система России (ОАО РАО "ЕЭС России")
Hizkuntza:errusiera
Argitaratua: [Б. м.], 1991
Gaiak:
Formatua: MixedMaterials Liburua
KOHA link:https://koha.lib.tpu.ru/cgi-bin/koha/opac-detail.pl?biblionumber=112098

MARC

LEADER 00000nam0a2200000 4500
001 112098
005 20231031121334.0
035 |a (RuTPU)RU\TPU\book\121194 
090 |a 112098 
100 |a 20070323d1991 k y0rusy50 ca 
101 0 |a rus 
102 |a RU 
105 |a a n 000yy 
200 1 |a О защите вод от загрязнения нитратами. смываемыми с полей  |e Директива Совета ЕЭС  |f Совет ЕЭС 
210 |a [Б. м.]  |d 1991 
215 |a 17 с.  |c ил. 
610 1 |a Директива ЕЭС 
610 1 |a воды 
610 1 |a защита 
610 1 |a нитраты 
610 1 |a загрязнения 
675 |a 556  |v 3 
712 0 2 |a Единая энергетическая система России (ОАО РАО "ЕЭС России")  |c Российское открытое акционерное общество энергетики и электрификации  |c (Москва)  |2 stltpush  |3 (RuTPU)RU\TPU\col\26 
801 1 |a RU  |b 63413507  |c 20070323  |g PSBO 
801 2 |a RU  |b 63413507  |c 20080206  |g PSBO 
942 |c BK